000 00528cam a2200145 4500500
005 20260111092414.0
041 _afre
042 _adc
100 1 0 _aBenhammou, Farid
_eauthor
245 0 0 _aJean-Marc Moriceau, L’homme contre le loup : une guerre de deux mille ans. Paris, Fayard, 2011, 479 p.
260 _c2012.
500 _a52
786 0 _nÉtudes rurales | 189 | 1 | 2012-06-01 | p. 199a-204a | 0014-2182
856 4 1 _uhttps://shs.cairn.info/revue-etudes-rurales-2012-1-page-199a?lang=fr&redirect-ssocas=7080
999 _c1623512
_d1623512